000
00339nam a2200133Ia 4500
008
231017s9999 xx 000 0 und d
082
_a
620.1362
082
_b
ZIA
245
0
_a
High-Performance Concretes A State-of-the-Art Report (1989-1994)
245
0
_c
FHWA-ED-97-030
260
_b
FHWA-ED-97-030
300
_c
30cm
942
_c
REP
999
_c
604018
_d
604018